El error en los contratos.

Guardat en:
Dades bibliogràfiques
Autor principal: Morales Moreno, Antonio Manuel (autor)
Format: Llibre
Publicat: Madrid, España: Ceura, 1988.
Edició:Primera edición.
Matèries:
Etiquetes: Afegir etiqueta
Sense etiquetes, Sigues el primer a etiquetar aquest registre!

MARC

LEADER 00000cam a2200000 a 4500
001 UCC1028
003 CL-VaPUC
005 20220822114530.0
008 220630b1988 ||||| |||| 00| 0 eng d
999 |c 436539  |d 436537 
020 |a 84-85942-57-4 
040 |c Pontificia Universidad Católica de Valparaíso 
082 0 4 |a 346.02 MOR 1988  |2 21 
100 |a Morales Moreno, Antonio Manuel  |e autor  |9 595007 
245 1 3 |a El error en los contratos. 
250 |a Primera edición. 
260 |a Madrid, España:  |b Ceura,  |c 1988. 
300 |a 363 páginas.  
500 |a c.1 Donación Familia Prof. Alejandro Guzmán Brito. 
583 |a last modification  |c 20170922 16:51:00  |k Catalogador Asistente 
650 0 |a Contratos  |9 255153 
650 0 |a Derecho privado  |9 258243 
650 0 |a Responsabilidad contractual  |9 256720 
942 |c BK  |2 ddc  |n 0 
952 |0 0  |1 0  |2 ddc  |4 0  |6 346_020000000000000_MOR_1988  |7 0  |8 C_AGB  |9 584216  |a BIBDER  |b BIBDER  |d 2022-06-30  |e Donación  |i 5652374  |o 346.02 MOR 1988  |p 5652374  |r 2023-01-25  |t 1  |w 2022-06-30  |y BK_US  |k AGB